[Event "DIJA DIGA"]
[Site "SchemingMind.com"]
[Date "2022.04.05"]
[Round "-"]
[White "JimM"]
[Black "Daniel Dubé"]
[Result "1-0"]
[WhiteCountry "USA"]
[BlackCountry "CAN"]
[WhiteElo "1743"]
[WhiteRD "96"]
[BlackElo "1492"]
[BlackRD "60"]
[GameID "722235"]

1. e4 e6 2. Bb5 a6 3. Ba4 b5 4. Bb3 Bb7 5. d3 c5 6. c3 d5 7. Nf3 dxe4 8. dxe4 Qxd1+ 9. Bxd1 Bxe4 10. O-O Nc6
11. Bf4 Nf6 12. Nbd2
1-0

[Event "DIJA DIGA"]
[Site "SchemingMind.com"]
[Date "2022.04.05"]
[Round "-"]
[White "Daniel Dubé"]
[Black "JimM"]
[Result "0-1"]
[WhiteCountry "CAN"]
[BlackCountry "USA"]
[WhiteElo "1492"]
[WhiteRD "60"]
[BlackElo "1743"]
[BlackRD "96"]
[GameID "722236"]

1. d4 g6 2. c4 Bg7 3. Nc3 c5 4. d5 d6 5. e4 Nf6 6. g3 Nbd7 7. Bg2 Ne5 8. b3 O-O 9. Nf3 Bg4 10. h3 Nxf3+
11. Bxf3 Nxe4 12. hxg4 Bxc3+
0-1

[Event "DIJA DIGA"]
[Site "SchemingMind.com"]
[Date "2022.04.05"]
[Round "-"]
[White "JimM"]
[Black "Vanycuba"]
[Result "0-1"]
[WhiteCountry "USA"]
[BlackCountry "CUB"]
[WhiteElo "1713"]
[WhiteRD "96"]
[BlackElo "2190"]
[BlackRD "104"]
[GameID "722237"]

1. e4 d6 2. d4 Nf6 3. Nc3 g6 4. Be3 c6 5. Qd2 Nbd7 6. Nf3 Bg7 7. Bc4 b5 8. Bb3 b4 9. Ng5 e6 10. Na4 h6
11. Nxe6 fxe6 12. Bxe6 Qe7 13. Bb3 Nxe4 14. Qe2 d5 15. O-O-O O-O 16. f3 Nd6 17. Qd3 Nb6 18. Qxg6 Qxe3+ 19. Kb1 Qf4 20. Qd3 Bf5
21. Qd2 Qxd2 22. Rxd2 Nbc4 23. Rdd1 Ne3 24. Rd2 Rae8 25. Nc5 Ndc4 26. Rf2 Bxd4 27. g4 Bh7 28. Nd3 Nxc2
0-1

[Event "DIJA DIGA"]
[Site "SchemingMind.com"]
[Date "2022.04.04"]
[Round "-"]
[White "Vanycuba"]
[Black "JimM"]
[Result "1-0"]
[WhiteCountry "CUB"]
[BlackCountry "USA"]
[WhiteElo "2232"]
[WhiteRD "103"]
[BlackElo "1702"]
[BlackRD "95"]
[GameID "722238"]

1. e4 c5 2. Nc3 Nc6 3. Nf3 e6 4. d4 Nf6 5. d5 Nb4 6. a3 Na6 7. d6 Qb6 8. e5 Nh5 9. g4 g6 10. gxh5 h6
11. hxg6 fxg6 12. Rg1 g5 13. Qd3
1-0

[Event "DIJA DIGA"]
[Site "SchemingMind.com"]
[Date "2022.04.08"]
[Round "-"]
[White "David Perna-Fraser"]
[Black "JAHI"]
[Result "1/2-1/2"]
[WhiteCountry "CAN"]
[BlackCountry "INT"]
[WhiteElo "2154"]
[WhiteRD "85"]
[BlackElo "2171"]
[BlackRD "69"]
[GameID "722239"]

1. e4 b6 2. d4 Bb7 3. Nc3 e6 4. Be3 Bb4 5. Bd3 Kf8 6. Ne2 d6 7. a3 Bxc3+ 8. Nxc3 Nd7 9. Qd2 Ne7 10. O-O Kg8
11. f4 h6 12. Rae1 d5 13. f5 dxe4 14. fxe6 exd3 15. exf7+ Kf8 16. Bf4 dxc2 17. Qxc2 Nf6 18. Be5 Kxf7 19. Qb3+ Nd5 20. Bxf6 gxf6
21. Re5 Kg7 22. Rxd5 Bxd5 23. Nxd5 Rf8 24. Qg3+ Kh7 25. Qd3+ Kh8 26. Qg6 Qxd5 27. Qxh6+ Kg8 28. Qg6+=
1/2-1/2

[Event "DIJA DIGA"]
[Site "SchemingMind.com"]
[Date "2022.04.08"]
[Round "-"]
[White "JAHI"]
[Black "David Perna-Fraser"]
[Result "1-0"]
[WhiteCountry "INT"]
[BlackCountry "CAN"]
[WhiteElo "2205"]
[WhiteRD "67"]
[BlackElo "2070"]
[BlackRD "78"]
[GameID "722240"]

1. e3 d5 2. g3 e5 3. Bg2 Nf6 4. Kf1 Be7 5. b3 c5 6. Bb2 Nc6 7. d3 Be6 8. Nd2 Qc7 9. Ne2 h5 10. h3 Rc8
11. h4 Ng4 12. Kg1 Rh6 13. Nf1 Rd8 14. f3 Nf6 15. Rh2 a6 16. Kh1 b5 17. Qd2 b4 18. a3 a5 19. axb4 cxb4 20. Re1 Bd6
21. Ng1 Rg6 22. Nh3 e4 23. Bxf6 Rxf6 24. f4 Ne7 25. dxe4 dxe4 26. Qc1 Bd5 27. Ng5 Qc6 28. Nd2 Rg6 29. Ndxe4 Nf5 30. Nxd6+ Rgxd6
31. e4 Nxg3+ 32. Kg1 Qc5+ 33. Qe3 Qxe3+ 34. Rxe3 Bc4 35. Kf2 Nf1 36. Bxf1 Bxf1 37. Kxf1 Rd1+ 38. Re1 R1d2 39. Rhe2 Rxe2 40. Kxe2 Ke7
41. Nf3 f6 42. c3 bxc3 43. Rc1 Rc8 44. Kd3 Rd8+ 45. Nd4 g6 46. Rxc3 Rd7 47. e5 fxe5 48. fxe5 Ke8 49. e6 Rd6 50. Rc7 Kd8
51. Ra7 Rd5 52. Kc4 Rd6 53. Kc5 Rxd4 54. Kxd4 Ke8 55. Ke5 g5 56. Kf6 gxh4 57. Ra8#
1-0

[Event "DIJA DIGA"]
[Site "SchemingMind.com"]
[Date "2022.04.08"]
[Round "-"]
[White "David Perna-Fraser"]
[Black "Daniel Dubé"]
[Result "1-0"]
[WhiteCountry "CAN"]
[BlackCountry "CAN"]
[WhiteElo "2089"]
[WhiteRD "93"]
[BlackElo "1492"]
[BlackRD "60"]
[GameID "722241"]

1. e4 d5 2. exd5 Qxd5 3. Nc3 Qd6 4. Nf3 Nf6 5. Bc4 a6 6. d4 e6 7. O-O b5 8. Bd3 Bb7 9. Re1 Be7 10. Ne4 Qd8
11. c3
1-0

[Event "DIJA DIGA"]
[Site "SchemingMind.com"]
[Date "2022.04.03"]
[Round "-"]
[White "David Perna-Fraser"]
[Black "Vanycuba"]
[Result "0-1"]
[WhiteCountry "CAN"]
[BlackCountry "CUB"]
[WhiteElo "2170"]
[WhiteRD "88"]
[BlackElo "2272"]
[BlackRD "102"]
[GameID "722243"]

1. e4 e6 2. d4 d5 3. exd5 exd5 4. Nf3 Bd6 5. Be2 Nf6 6. O-O O-O 7. Bg5 h6 8. Bh4 Re8 9. Nc3 c6 10. Re1 Be6
11. Ne5 Nbd7 12. Bd3 Qb6 13. Qd2 Nh5 14. Be2 Nhf6 15. Bd3 Nh5 16. Be2 Nhf6 17. Bd3 Qxb2 18. Rab1 Qa3 19. Rb3 Qa5 20. Rxb7 Bxe5
21. dxe5 Nh5 22. Nb1 Qxd2 23. Nxd2 Nc5 24. Rc7 Nxd3 25. cxd3 Nf4 26. Nb3 g5 27. Bg3 Nxd3 28. Rd1 Nb4 29. a3 Nc2 30. Rxc6 Reb8
31. Rxc2 Rxb3 32. Ra1 d4 33. Rd2 d3 34. h4 Rc8 35. hxg5 hxg5
0-1

[Event "DIJA DIGA"]
[Site "SchemingMind.com"]
[Date "2022.04.03"]
[Round "-"]
[White "Vanycuba"]
[Black "David Perna-Fraser"]
[Result "1-0"]
[WhiteCountry "CUB"]
[BlackCountry "CAN"]
[WhiteElo "2190"]
[WhiteRD "104"]
[BlackElo "2154"]
[BlackRD "85"]
[GameID "722244"]

1. e4 e5 2. Nf3 Nf6 3. d4 Nxe4 4. Bd3 d5 5. dxe5 Nc5 6. Be2 Be7 7. O-O O-O 8. Be3 Be6 9. Nc3 c6 10. Nd4 Nba6
11. f4 Qc7 12. f5 Qxe5 13. Bf4 Qf6 14. fxe6 Nxe6 15. Bxa6 Qxd4+ 16. Qxd4 Nxd4 17. Bxb7 Rae8 18. Rad1 Nxc2 19. Bxc6 Bc5+ 20. Kh1 Rc8
21. Bxd5 Ne3 22. Bxe3 Bxe3 23. Ne4 Rc2 24. Bb3 Rxb2 25. Rxf7
1-0

[Event "DIJA DIGA"]
[Site "SchemingMind.com"]
[Date "2022.04.05"]
[Round "-"]
[White "JAHI"]
[Black "Daniel Dubé"]
[Result "1-0"]
[WhiteCountry "INT"]
[BlackCountry "CAN"]
[WhiteElo "2145"]
[WhiteRD "68"]
[BlackElo "1492"]
[BlackRD "60"]
[GameID "722245"]

1. e3 e6 2. g3 d5 3. Bg2 c5 4. Kf1 Nc6 5. d3 Nf6 6. b3 Bd6 7. Bb2 O-O 8. Nd2 e5 9. Ne2 Be6 10. Kg1 d4
11. e4 Ne8 12. h3 f5 13. Rh2 f4 14. gxf4 exf4 15. Nf3 Ne5 16. Qd2 Nxf3+ 17. Bxf3 Qg5+ 18. Kh1 Qh4 19. c3 dxc3 20. Qxc3 b5
21. e5 b4 22. Qc2 Be7 23. Bxa8 f3 24. Ng1 Nc7 25. Be4
1-0

[Event "DIJA DIGA"]
[Site "SchemingMind.com"]
[Date "2022.04.05"]
[Round "-"]
[White "Daniel Dubé"]
[Black "JAHI"]
[Result "0-1"]
[WhiteCountry "CAN"]
[BlackCountry "INT"]
[WhiteElo "1492"]
[WhiteRD "60"]
[BlackElo "2145"]
[BlackRD "68"]
[GameID "722246"]

1. d4 b6 2. c4 Bb7 3. Nc3 e6 4. f3 Bb4 5. e4 Kf8 6. Ne2 d6 7. a3 Bxc3+ 8. bxc3 Nd7 9. Ng3 Ne7 10. Bd3 Kg8
11. O-O Qf8 12. f4 Re8 13. f5 exf5 14. exf5 f6 15. Ne4 h6 16. Qb3 Nxf5 17. Rxf5 Bxe4 18. Bxe4 Rxe4 19. c5+ Qf7 20. Qb5 bxc5
21. Bb2 Kh7 22. Raf1 Rhe8 23. c4 cxd4 24. h3 Nc5
0-1

[Event "DIJA DIGA"]
[Site "SchemingMind.com"]
[Date "2022.04.03"]
[Round "-"]
[White "JAHI"]
[Black "Vanycuba"]
[Result "1-0"]
[WhiteCountry "INT"]
[BlackCountry "CUB"]
[WhiteElo "2145"]
[WhiteRD "68"]
[BlackElo "2164"]
[BlackRD "104"]
[GameID "722247"]

1. e3 d5 2. g3 e5 3. Bg2 Nf6 4. b3 Bd6 5. Bb2 c5 6. Kf1 O-O 7. Nc3 d4 8. Nce2 Nc6 9. h3 a5 10. h4 a4
11. Nh3 h6 12. bxa4 Rxa4 13. exd4 cxd4 14. c3 Qa5 15. cxd4 exd4 16. Nhf4 Bxf4 17. Bxc6 bxc6 18. Nxf4 Bb7 19. Rh2 c5 20. f3 Nd7
21. Rf2 Ne5 22. Bc1 Qa8 23. Kg2 g5 24. hxg5 hxg5 25. Nh5 Ra6 26. Rb1 Bxf3+ 27. Rxf3 g4 28. d3 Re8 29. Rb2 Qxf3+ 30. Qxf3 gxf3+
31. Kf2 Nxd3+ 32. Kxf3 Nxc1 33. Nf4 Rxa2 34. Rb1
1-0

[Event "DIJA DIGA"]
[Site "SchemingMind.com"]
[Date "2022.04.03"]
[Round "-"]
[White "Vanycuba"]
[Black "JAHI"]
[Result "0-1"]
[WhiteCountry "CUB"]
[BlackCountry "INT"]
[WhiteElo "2164"]
[WhiteRD "104"]
[BlackElo "2145"]
[BlackRD "68"]
[GameID "722248"]

1. e4 b6 2. d4 Bb7 3. Bd3 g6 4. c4 Bg7 5. Nf3 Kf8 6. O-O d6 7. Nc3 Nd7 8. Qc2 e6 9. b4 Ne7 10. Rb1 Kg8
11. Rd1 e5 12. dxe5 Nxe5 13. Nxe5 Bxe5 14. c5 Qd7 15. Bh6 Qg4 16. h3 Qh4 17. Qc1 Bd4 18. Ne2 Bf6 19. Ng3 Rd8 20. Rb3 Nc6
21. Bf1 Ne5 22. cxd6 cxd6 23. Rc3 Be7 24. Rc7 Bc6 25. Rxa7 Bd7 26. Qe3 Bg4 27. Rxe7 Qxe7 28. Rc1 Be6 29. f4 Nd7 30. Rc7 f6
31. Bb5 Kf7 32. f5 Bxf5 33. Nxf5 gxf5 34. Qg3 Ke8
0-1

[Event "DIJA DIGA"]
[Site "SchemingMind.com"]
[Date "2022.04.05"]
[Round "-"]
[White "Daniel Dubé"]
[Black "Vanycuba"]
[Result "0-1"]
[WhiteCountry "CAN"]
[BlackCountry "CUB"]
[WhiteElo "1637"]
[WhiteRD "54"]
[BlackElo "2232"]
[BlackRD "103"]
[GameID "722249"]

1. d4 Nf6 2. c4 e6 3. Nf3 d5 4. g3 Bb4+ 5. Bd2 Be7 6. Bg2 O-O 7. Qc2 c6 8. O-O Nbd7 9. Nc3 dxc4 10. a4 a5
11. e4 e5 12. Rad1 exd4 13. Nxd4 Qb6 14. Rfe1 Qxd4 15. Be3 Qe5 16. f4 Qh5 17. e5 Ng4 18. h3 Nxe3 19. Rxe3 Bc5 20. Qe4 Nxe5
21. g4 Bxg4 22. hxg4 Nxg4
0-1

[Event "DIJA DIGA"]
[Site "SchemingMind.com"]
[Date "2022.04.05"]
[Round "-"]
[White "Vanycuba"]
[Black "Daniel Dubé"]
[Result "1-0"]
[WhiteCountry "CUB"]
[BlackCountry "CAN"]
[WhiteElo "2164"]
[WhiteRD "104"]
[BlackElo "1492"]
[BlackRD "60"]
[GameID "722250"]

1. e4 e6 2. d4 d5 3. Nc3 Nf6 4. e5 Nfd7 5. f4 c5 6. Nf3 Nc6 7. Be3 Qb6 8. Na4 Qc7 9. Nxc5 Nxc5 10. dxc5 Be7
11. c3 O-O 12. Bd3 f6 13. exf6 Bxf6 14. O-O e5 15. fxe5 Nxe5 16. Nxe5 Qxe5 17. Bf4 Qe8 18. Bd6 Rf7 19. Re1 Qd7 20. Qh5 g6
21. Qxd5 Kg7 22. Bc4
1-0